000
00316nam a22001337a 4500
008
171016b xxu||||| |||| 00| 0 eng d
020
_a
0814726259
041
_a
eng
080
_a
33
100
_a
52
101
_a
ECO
245
_a
INDUSTRIAL ECONOMICS ISSUES AND PERSPECTIVES
_c
FERGUSON.G.J
942
_2
udc
_c
BK
999
_c
34039
_d
34039